01154nam a2200193Ia 4500001001000000003001000010008004100020040002500061041001400086100003700100245003600137250001100173260007300184300002900257500026200286501011400548520026200662650003600924L208-3122IT-CnALBA170116s9999||||xx |||||||||||||| ||und|| aIT-CnALBAcIT-CnALBA aBILINGUE  aBONAVENTURA DA BAGNOREGIO, SANTO 0aITINERARIO DELLA MENTE IN DIO.  a2a ed. aPARMAbFIACCADORI PIETRO, TIPOGR. VESC. PARMA'c1878 [1° Ed.: n.d.] a162 p. (prefazione: 516) aCURATORE FRATI SEVERINO. PROLOGO. GRADI DELL'ASCENSIONE IN DIO. VESTIGIA DI DIO NEL MONDO. SPECULAZIONE DI DIO ATTRAVERSO LA SUA IMMAGINE. SPECULAZIONE ATTRAVERSO I SUOI DONI. SPECULAZIONE ATTRAVERSO L'IDEA DELL'ESSERE. SPECULAZIONE DELLA TRINITÀ. A DIO A aSocietà San Paolo EM - Piazza San Paolo, 14 - 12051 ALBA (CN) (non commercial uses only) ® Copyright 2017 aCURATORE FRATI SEVERINO. PROLOGO. GRADI DELL'ASCENSIONE IN DIO. VESTIGIA DI DIO NEL MONDO. SPECULAZIONE DI DIO ATTRAVERSO LA SUA IMMAGINE. SPECULAZIONE ATTRAVERSO I SUOI DONI. SPECULAZIONE ATTRAVERSO L'IDEA DELL'ESSERE. SPECULAZIONE DELLA TRINITÀ. A DIO A aPADRI E SCRITTORI ECCLESIASTICI